| 000 | 01185cam a2200361 i 4500 | ||
|---|---|---|---|
| 999 |
_c200444427 _d62639 |
||
| 001 | 200444427 | ||
| 003 | TR-AnTOB | ||
| 005 | 20220929104940.0 | ||
| 007 | ta | ||
| 008 | 020315s1965 tu 000 0 tur d | ||
| 035 | _a(TR-AnTOB)200444427 | ||
| 040 |
_aB9K _beng _erda _cB9K _dTR-AnTOB |
||
| 041 | 1 |
_atur _heng |
|
| 050 | 4 |
_aHF5386 _b.R3619 1965 |
|
| 090 |
_aHF5386 _b.R3619 1965 |
||
| 100 | 1 |
_aRandall, Clarence B. _q(Clarence Belden), _d1891-1967 _eauthor _9133301 |
|
| 240 | 1 | 0 |
_aMaking good in management. _lTurkish. |
| 245 | 1 | 0 |
_aYönetimde başarı esasları / _cClarence B. Randall ; çev. Reşat Aktan. |
| 264 | 3 |
_aAnkara : _b[Sevinç matbaası] , _c1965. |
|
| 300 |
_avi, 92 pages ; _c25 cm |
||
| 336 |
_atext _btxt _2rdacontent |
||
| 337 |
_aunmediated _bn _2rdamedia |
||
| 338 |
_avolume _bnc _2rdacarrier |
||
| 500 | _aTranslation of: Making good in management. | ||
| 650 | 7 |
_aBaşarı, İşletmelerde _918406 |
|
| 650 | 7 |
_aYönetim _2etuturkob _955081 |
|
| 650 | 7 |
_aLiderlik _2etuturkob _96766 |
|
| 700 | 1 |
_aAktan, Reşat _etranslator _9129497 |
|
| 740 | 0 | _aMaking good in management. | |
| 942 |
_2lcc _cBK |
||